000 00257nam a2200097Ia 4500
005 20251222114404.0
008 251222s1900||||xx |||||||||||||| ||spa||
082 _aDVD0080/G57
245 0 _aMarĂ­a: Madre del hijo de Dios:Maria mae do filho de Deus
942 _cDVD
999 _c1774
_d1774